Определение удельного заряда электрона с помощью вакуумного диода: методические указания к выполнению лабораторной работы Э-13а по курсу «Общая физика» для студентов всех специальностей

Бібліографічні деталі
Співавтор: Томский политехнический университет (ТПУ)
Інші автори: Гриняев С. Н. Сергей Николаевич
Резюме:Заглавие с титульного экрана
Электронная версия печатной публикации
Режим доступа: из сети НТБ ТПУ
Мова:Російська
Опубліковано: Томск, Изд-во ТПУ, 2008
Предмети:
Онлайн доступ:http://www.lib.tpu.ru/fulltext3/m/2009/m42.pdf
Формат: Електронний ресурс Книга
KOHA link:https://koha.lib.tpu.ru/cgi-bin/koha/opac-detail.pl?biblionumber=172657

MARC

LEADER 00000nlm0a2200000 4500
001 172657
005 20231101223039.0
035 |a (RuTPU)RU\TPU\book\187232 
079 0 |a Э-13а 
090 |a 172657 
100 |a 20091215d k y0rusy50 ca 
101 0 |a rus 
102 |a RU 
105 |a y z 000zy 
135 |a vrcn ---uucaa 
181 0 |a i  
182 0 |a b 
200 1 |a Определение удельного заряда электрона с помощью вакуумного диода  |b Электронный ресурс  |e методические указания к выполнению лабораторной работы Э-13а по курсу «Общая физика» для студентов всех специальностей  |f Томский политехнический университет (ТПУ) ; сост. С. Н. Гриняев 
203 |a Текст  |c электронный 
210 |a Томск  |c Изд-во ТПУ  |d 2008 
230 |a 1 компьютерный файл (pdf; 348 KB) 
300 |a Заглавие с титульного экрана 
300 |a Электронная версия печатной публикации 
333 |a Режим доступа: из сети НТБ ТПУ 
337 |a Adobe Reader 
606 1 |a Электроны  |2 stltpush  |3 (RuTPU)RU\TPU\subj\20557  |9 45653 
610 1 |a удельный заряд 
610 1 |a электроны 
610 1 |a общая физика 
610 1 |a лабораторные работы 
610 1 |a методические указания 
610 1 |a электронный ресурс 
610 1 |a диоды 
610 1 |a вакуум 
675 |a 539.124(076.5)  |v 3 
702 1 |a Гриняев  |b С. Н.  |c физик  |c доцент Томского политехнического университета, кандидат физико-математических наук  |f 1951-  |g Сергей Николаевич  |2 stltpush  |3 (RuTPU)RU\TPU\pers\28952 
712 0 2 |a Томский политехнический университет (ТПУ)  |c (1991- )  |2 stltpush  |3 (RuTPU)RU\TPU\col\376 
801 1 |a RU  |b 63413507  |c 20091215 
801 2 |a RU  |b 63413507  |c 20160220  |g RCR 
856 4 |u http://www.lib.tpu.ru/fulltext3/m/2009/m42.pdf 
942 |c CF